Southville International School and Colleges
Your cart is empty.
  • Cart
  • Lists
    Public lists Eva Luna New books Lux_list list_1
    Your lists Log in to create your own lists
  • Log in to your account
  • Your cookies
  • Search history
Southville International School and Colleges
  • Advanced search
  • Recent comments
  • Most popular
  • Libraries

Log in to your account

Log in with GOOGLE


If you do not have an external account, but do have a local account, you can still log in:

  1. Home
  2. MARC view: Personal financial planning /
Normal view MARC view ISBD view

Personal financial planning / (Record no. 8978)

[ view plain ]
MARC details
000 -LEADER
fixed length control field 00540nam a22001937a 4500
003 - CONTROL NUMBER IDENTIFIER
control field SISC
005 - DATE AND TIME OF LATEST TRANSACTION
control field 20160404141113.0
008 - FIXED-LENGTH DATA ELEMENTS--GENERAL INFORMATION
fixed length control field 130822t xxu||||| |||| 00| 0 eng d
020 ## - INTERNATIONAL STANDARD BOOK NUMBER
International Standard Book Number 0205117562
050 ## - LIBRARY OF CONGRESS CALL NUMBER
Classification number HG 179
Item number .W853 1989
082 ## - DEWEY DECIMAL CLASSIFICATION NUMBER
Classification number HS 336
Item number Sa4 1989
100 ## - MAIN ENTRY--PERSONAL NAME
Personal name Wolf Harild A.
9 (RLIN) 12018
245 ## - TITLE STATEMENT
Title Personal financial planning /
Statement of responsibility, etc Harold A. Wolf.
260 ## - PUBLICATION, DISTRIBUTION, ETC. (IMPRINT)
Place of publication, distribution, etc Boston :
Name of publisher, distributor, etc Allyn & Bacon,
Date of publication, distribution, etc 1989.
300 ## - PHYSICAL DESCRIPTION
Extent 118 p. ;
Dimensions 24 cm.
650 ## - SUBJECT ADDED ENTRY--TOPICAL TERM
Topical term or geographic name as entry element Finance, Personal
General subdivision Handbook, manual, etc.
9 (RLIN) 12019
942 ## - ADDED ENTRY ELEMENTS (KOHA)
Source of classification or shelving scheme Library of Congress Classification
Koha item type Books
Holdings
Withdrawn status Lost status Source of classification or shelving scheme Damaged status Home library Current library Shelving location Date acquired Total Checkouts Full call number Barcode Date last seen Copy number Price effective from Koha item type
    Library of Congress Classification   Luxembourg Library Luxembourg Library High School Section 08/22/2013   HG 179 .W853 1989 4545 01/12/2018 1 08/22/2013 Books

Personal financial planning /

APA

Wolf Harild A, . (1989). Personal financial planning. Boston: Allyn & Bacon.

Chicago

Wolf Harild A, . 1989. Personal financial planning. Boston: Allyn & Bacon.

Harvard

Wolf Harild A, . (1989). Personal financial planning. Boston: Allyn & Bacon.

MLA

Wolf Harild A, . Personal financial planning. Boston: Allyn & Bacon. 1989.

  • Place hold
  • Print
  • Cite
  • Add to your cart (remove)
  • Save record
    BIBTEX Dublin Core MARCXML MARC (non-Unicode/MARC-8) MARC (Unicode/UTF-8) MARC (Unicode/UTF-8, Standard) MODS (XML) RIS
  • More searches
    Search for this title in:
    Other Libraries (WorldCat) Other Databases (Google Scholar) Online Stores (Bookfinder.com) Open Library (openlibrary.org)

Exporting to Dublin Core...

SOUTHVILLE LIBRARY

Southville International School and Colleges Library

1281 Tropical Ave. Cor. Luxembourg St., BF Homes International, Las Pinas City

Tel. No. 8256374 / 252358 Loc. 117/146

Powered by Koha